LEADER 01280nam0 2200289 i 450 001 SUN0118496 005 20181123104319.663 010 $a978-08-15-34454-4$d0.00 100 $a20181123d2014 |0engc50 ba 101 $aeng 102 $aUS 105 $a|||| ||||| 200 1 $a*Essential cell biology$fBruce Alberts ... [et al.] 205 $a4. ed 210 $aNew York$cGarland Science$d2014 215 $aXXIII, 726, [112] p.$cill.$d28 cm. 620 $aUS$dNew York$3SUNL000011 676 $a571.6$cBiologia cellulare$v22 702 1$aAlberts$b, Bruce$3SUNV011303 712 $aGarland$3SUNV000148$4650 801 $aIT$bSOL$c20181231$gRICA 856 4 $u/sebina/repository/catalogazione/documenti/copertina essential cell biology.jpeg 912 $aSUN0118496 950 $aUFFICIO DI BIBLIOTECA DEL DIPARTIMENTO DI SCIENZE E TECNOLOGIE AMBIENTALI BIOLOGICHE E FARMACEUTICHE$d17PREST Kb33 $e17BIB2091 20181227 $sBuono 950 $aUFFICIO DI BIBLIOTECA DEL DIPARTIMENTO DI SCIENZE E TECNOLOGIE AMBIENTALI BIOLOGICHE E FARMACEUTICHE$d17CONS Kb123 $e17BIB2009 20181126 $sBuono 996 $aEssential cell biology$957330 997 $aUNICAMPANIA LEADER 01152nam a2200253 i 4500 001 991000136179707536 005 20020503114541.0 008 001014s1994 it ||| | ita 020 $a8877650478 035 $ab10035278-39ule_inst 035 $aocm00001487$9ExL 040 $aDip.to Beni Culturali$bita 100 1 $aBernaḅ Brea, Maria$0433969 245 13$aLe "terramare si scavano per concimare i prati..." :$bla nascita dell'archeologia preistorica a Parma nel dibattito culturale della seconda metà dell'Ottocento : catalogo /$ca cura di Maria Bernaḅ Brea e Angela Mutti 260 $aParma :$bSilva,$c1994 300 $a482 p. + repertorio bibliografico 500 $aCatalogo della mostra tenuta a Parma, MuseoArcheologico Nazionale dal 12 maggio al 30 novembre 1994. 700 1 $aMutti, Angela 907 $a.b10035278$b02-04-14$c31-05-02 912 $a991000136179707536 945 $aLE001 H1 129 4?$g1$i2001000015597$lle001$o-$pE0.00$q-$rl$s- $t0$u0$v0$w0$x0$y.i10038668$z31-05-02 996 $a"terramare si scavano per concimare i prati..."$9177579 997 $aUNISALENTO 998 $ale001$b01-01-00$cm$da $e-$fita$git $h3$i1